000 00516nam a22001697a 4500
003 PILC
005 20150112093445.0
008 130214t xxu||||| |||| 00| 0 eng d
020 _a9712338495
050 _aKPM 4604.7
_b.R454 2003
082 _aFil 345.599
_bR86 2003
110 _aRBSI Editorial Staff
_922843
245 _aThe revised rules of criminal procedure (Rules 110-127) /
260 _aManila : Rex Book Store, 2003.
_bRex Book Store, 2003.
_c2003.
300 _c226 pages :
_a23 cm.
942 _2lcc
_cBK
999 _c14884
_d14884